La marca: motor de la competitividad de las empresas y del crecimiento de la economía
Uloženo v:
| Hlavní autoři: | , |
|---|---|
| Médium: | Kniha |
| Jazyk: | španělština |
| Vydáno: |
Madrid
McGraw-Hill
1991
|
| Vydání: | 1a. ed |
| Edice: | Serie McGraw-Hill de Management
|
| Témata: | |
| Tagy: |
Přidat tag
Žádné tagy, Buďte první, kdo vytvoří štítek k tomuto záznamu!
|
MARC
| LEADER | 00000cam a2200000 a 4500 | ||
|---|---|---|---|
| 001 | UCD8931 | ||
| 003 | CL-VaPUC | ||
| 008 | 170527e19910000sp |||||||||||||||||spa|d | ||
| 020 | |a 8476157096 | ||
| 082 | 0 | 4 | |a 658.8 |b KAP |2 21 |
| 100 | 0 | |a Kapferer, Jean-Nöel |e author |9 592538 | |
| 700 | 0 | |a Thoenig, Jean-Claude |e author |9 592539 | |
| 245 | 1 | 3 | |a La marca: motor de la competitividad de las empresas y del crecimiento de la economía |
| 250 | |a 1a. ed | ||
| 300 | |a 309 p | ||
| 942 | |c BK | ||
| 945 | |d 20170527 00:32:00 |a arojas | ||
| 260 | |a Madrid |b McGraw-Hill |c 1991 | ||
| 650 | 0 | |a Marketing |9 259324 | |
| 650 | 0 | |a Análisis de mercado |9 260838 | |
| 650 | 0 | |a Ventas |9 259323 | |
| 650 | 0 | |a Comercialización |9 259326 | |
| 650 | 0 | |a Competitividad |9 308495 | |
| 583 | |a last modification |c 20170527 00:32:00 |k Rodrigo Vera | ||
| 490 | 0 | |a Serie McGraw-Hill de Management | |
| 999 | |c 368237 |d 368235 | ||